000 00682cam a2200217 a 4500
001 15543023
005 20250314125809.0
008 081203s2009 nyua b 001 0 eng
020 _a9780814410325
020 _a0814410324
050 0 0 _aHD69.C6
_bC57 2009
082 0 0 _a001
_222
100 1 _aCohen, William A.,
_d1937-
245 1 0 _aHow to make it big as a consultant /
_cWilliam A. Cohen.
250 _a4th ed.
260 _aNew York :
_bAmerican Management Association,
_cc2009.
300 _axix, 332 p. :
_bill. ;
_c23 cm.
650 0 _aBusiness consultants.
856 4 1 _3Table of contents only
_uhttp://www.loc.gov/catdir/toc/fy1001/2008048569.html
942 _2lcc
_cBK
_n0
999 _c4794
_d4794